[Event "Valencia-ch B"]
[Site "Denia"]
[Date "2019.05.04"]
[Round "1"]
[White "Galvan, Jesus"]
[Black "Varazdatyan, Narek"]
[Result "1-0"]
[WhiteElo "2227"]
[BlackElo "1648"]
[PlyCount "65"]
[EventDate "2019.05.04"]
[EventType "swiss"]
[EventRounds "7"]
[EventCountry "ESP"]
[SourceTitle "EXT 2024"]
[Source "ChessBase"]
[SourceDate "2023.10.10"]
[SourceVersion "1"]
[SourceVersionDate "2023.10.10"]
[SourceQuality "1"]

1. d4 e6 2. c4 Nf6 3. Nc3 Bb4 4. f3 0-0 5. e4 d6 6. Bd3 Nbd7 7. Nge2 e5 8. d5 Nc5 9. Bc2 c6 10. a3 Bxc3+ 11. Nxc3 cxd5 12. cxd5 Bd7 13. 0-0 h6 14. Kh1 Nh5 15. g3 Bh3 16. Rg1 Bd7 17. f4 Nf6 18. f5 Kh7 19. g4 g5 20. h4 Rg8 21. hxg5 hxg5 22. Kg2 Rg7 23. Be3 b6 24. Qf3 Kg8 25. Rh1 Nh7 26. Rh6 f6 27. Rah1 Qe7 28. Qh3 Be8 29. b4 Nb7 30. Ba4 Bxa4 31. Nxa4 Qd7 32. Rg6 Qf7 33. Qxh7+ 1-0

[Event "ZH-2012-0-00903"]
[Site "LSS email"]
[Date "2012.11.01"]
[Round "?"]
[White "Sherwood, Russell"]
[Black "Varazdatyan, Narek"]
[Result "1-0"]
[WhiteElo "2201"]
[BlackElo "2135"]
[PlyCount "57"]
[EventDate "2012.10.24"]
[EventType "match (corr)"]
[EventRounds "2"]
[EventCountry "GER"]
[SourceTitle "Telechess CBM 165"]
[Source "ChessBase"]
[SourceDate "2015.03.11"]
[SourceVersion "1"]
[SourceVersionDate "2015.03.11"]
[SourceQuality "1"]

1. e4 e6 2. d4 d5 3. Nc3 Bb4 4. e5 c5 5. a3 cxd4 6. axb4 dxc3 7. Qg4 Ne7 8. Qxg7 Rg8 9. Qxh7 Nbc6 10. bxc3 Nxe5 11. h4 Qc7 12. Ne2 Bd7 13. Rh3 0-0-0 14. Bg5 Bb5 15. f4 N5g6 16. Qxf7 Rdf8 17. Qxe6+ Bd7 18. Qe3 Bxh3 19. Qxh3+ Kb8 20. Qe3 Nf5 21. Qxa7+ Kc8 22. g3 Re8 23. Bh3 Qxc3+ 24. Kd1 Rgf8 25. Nxc3 Re6 26. Bxf5 Rxf5 27. Qa8+ Kd7 28. Qxb7+ Kd6 29. Ra6# 1-0

[Event "ZH-2012-0-00903"]
[Site "LSS email"]
[Date "2012.11.01"]
[Round "?"]
[White "Varazdatyan, Narek"]
[Black "Sherwood, Russell"]
[Result "0-1"]
[WhiteElo "2135"]
[BlackElo "2201"]
[PlyCount "78"]
[EventDate "2012.10.24"]
[EventType "match (corr)"]
[EventRounds "2"]
[EventCountry "GER"]
[SourceTitle "Telechess CBM 165"]
[Source "ChessBase"]
[SourceDate "2015.03.11"]
[SourceVersion "1"]
[SourceVersionDate "2015.03.11"]
[SourceQuality "1"]

1. e4 c5 2. Nf3 d6 3. d4 cxd4 4. Nxd4 Nf6 5. Nc3 a6 6. f3 e5 7. Nb3 Be6 8. Nd5 Nxd5 9. exd5 Bf5 10. Nd2 Nd7 11. Ne4 Bxe4 12. fxe4 Qh4+ 13. Kd2 Nc5 14. Bd3 Nxe4+ 15. Bxe4 Qxe4 16. Qf3 Qd4+ 17. Ke2 Be7 18. Be3 Qxb2 19. Rhc1 b5 20. Kf1 0-0 21. Qg4 Rac8 22. Kg1 Rxc2 23. Bh6 e4 24. Rab1 Rxc1+ 25. Rxc1 Qd4+ 26. Kh1 f5 27. Qh3 gxh6 28. Qxh6 Qxd5 29. h3 f4 30. Rc7 f3 31. Rxe7 fxg2+ 32. Kh2 g1Q+ 33. Kxg1 Qd4+ 34. Kg2 Qf2+ 35. Kh1 Qf1+ 36. Kh2 Rf2+ 37. Kg3 Rf3+ 38. Kg4 Qg2+ 39. Kh5 Rxh3# 0-1

[Event "SN-2012-0-00467"]
[Site "LSS email"]
[Date "2012.10.27"]
[Round "?"]
[White "Popov, Misha"]
[Black "Varazdatyan, Narek"]
[Result "1-0"]
[WhiteElo "930"]
[BlackElo "1962"]
[PlyCount "49"]
[EventDate "2012.10.02"]
[EventType "tourn (corr)"]
[EventRounds "6"]
[EventCountry "GER"]
[SourceTitle "Telechess CBM 163"]
[Source "ChessBase"]
[SourceDate "2014.11.11"]
[SourceVersion "2"]
[SourceVersionDate "2014.11.11"]
[SourceQuality "1"]

1. Nf3 d5 2. c4 dxc4 3. Qa4+ Nc6 4. Qxc4 Bf5 5. e4 Be6 6. Qd3 Qxd3 7. Bxd3 0-0-0 8. Be2 Nb4 9. Na3 Nd3+ 10. Bxd3 Rxd3 11. 0-0 Nf6 12. Ne1 Rd8 13. d3 Bg4 14. f3 Bh5 15. Be3 e5 16. Nc4 Bd6 17. Rc1 Kb8 18. a4 Bb4 19. Bd2 Bxd2 20. Nxd2 g5 21. Nc4 Bg6 22. Nxe5 Nd7 23. Nxg6 hxg6 24. d4 Nb6 25. d5 1-0

[Event "SN-2012-0-00467"]
[Site "LSS email"]
[Date "2012.10.27"]
[Round "?"]
[White "Varazdatyan, Narek"]
[Black "Gorbatov, Valentin"]
[Result "0-1"]
[WhiteElo "1962"]
[BlackElo "1340"]
[PlyCount "58"]
[EventDate "2012.10.02"]
[EventType "tourn (corr)"]
[EventRounds "6"]
[EventCountry "GER"]
[SourceTitle "Telechess CBM 163"]
[Source "ChessBase"]
[SourceDate "2014.11.11"]
[SourceVersion "2"]
[SourceVersionDate "2014.11.11"]
[SourceQuality "1"]

1. e4 e5 2. f4 exf4 3. Nf3 g5 4. Bc4 g4 5. 0-0 gxf3 6. Qxf3 Qf6 7. e5 Qxe5 8. d3 Bh6 9. Nc3 Nc6 10. Bxf4 Qd4+ 11. Kh1 Qxf4 12. Bxf7+ Kd8 13. Rae1 Nge7 14. Qe2 Qd2 15. Qh5 Qg5 16. Qe2 Rf8 17. Ne4 Qg7 18. Bh5 Rxf1+ 19. Rxf1 Nd4 20. Qf2 d5 21. Nc5 Ndf5 22. g4 Be3 23. Qe2 Bxc5 24. gxf5 Bxf5 25. b4 Bb6 26. a4 Kd7 27. a5 Bd4 28. c4 Rg8 29. Qe1 Qg2# 0-1

[Event "OP-2012-0-02463"]
[Site "LSS email"]
[Date "2012.10.24"]
[Round "?"]
[White "Varazdatyan, Narek"]
[Black "Feng, Jason"]
[Result "1-0"]
[WhiteElo "1962"]
[BlackElo "887"]
[PlyCount "59"]
[EventDate "2012.10.20"]
[EventType "tourn (corr)"]
[EventRounds "4"]
[EventCountry "GER"]
[SourceTitle "Telechess CBM 165"]
[Source "ChessBase"]
[SourceDate "2015.03.11"]
[SourceVersion "1"]
[SourceVersionDate "2015.03.11"]
[SourceQuality "1"]

1. e4 e5 2. f4 Nc6 3. Nf3 f5 4. exf5 e4 5. Ne5 Nf6 6. Nc3 d5 7. d4 Bxf5 8. Bb5 Bd7 9. 0-0 Bd6 10. Kh1 a6 11. Ba4 0-0 12. Bb3 Ne7 13. Qe2 c6 14. Nxe4 Nxe4 15. Qxe4 Bf5 16. Qe1 Ng6 17. Qg3 Nxe5 18. fxe5 Be7 19. Bh6 Bg6 20. Bd2 Rxf1+ 21. Rxf1 Qd7 22. c3 Rf8 23. Rxf8+ Bxf8 24. Bd1 Qf5 25. Qf4 Qb1 26. Bc1 Qd3 27. Bg4 Be7 28. Be6+ Kh8 29. Bg4 Bf5 30. Qxf5 1-0

[Event "OP-2012-0-02463"]
[Site "LSS email"]
[Date "2012.10.23"]
[Round "?"]
[White "Varazdatyan, Narek"]
[Black "Vontina, Maria"]
[Result "1-0"]
[WhiteElo "1962"]
[BlackElo "761"]
[PlyCount "35"]
[EventDate "2012.10.20"]
[EventType "tourn (corr)"]
[EventRounds "4"]
[EventCountry "GER"]
[SourceTitle "Corr 2015"]
[Source "ChessBase"]
[SourceDate "2015.07.17"]
[SourceVersion "1"]
[SourceVersionDate "2015.07.17"]
[SourceQuality "1"]

1. e4 e6 2. d4 d5 3. Nc3 Bb4 4. e5 c5 5. a3 Bxc3+ 6. bxc3 Nc6 7. Qg4 Nge7 8. Qxg7 Rg8 9. Qxh7 Qc7 10. Nf3 cxd4 11. Bf4 dxc3 12. Bg3 Rf8 13. Bd3 a6 14. Ng5 Nxe5 15. 0-0 d4 16. Rfe1 N7c6 17. Qg7 Nxd3 18. Bxc7 1-0